000 00844nam a2200229 a 4500
001 23994
003 CO-ViMGA
008 141112s2004 ck r 000 u spa d
020 _a9789588334257
040 _aCO-ViMGA
_bspa
_cCO-ViMGA
082 0 4 _aPAUa
100 1 _aPauli, Gunter, 1956
_934868
245 1 0 _aFabulas de Gunter /
_cGunter Pauli; traductores Melissa laverde Rmirez, Dario Andres Leal Cortes, Fabian Perdome Delgado
260 _aColombia :
_bfundacion hogares juveniles campesinos
300 _a7 v. + CD
490 _aFabulas de Gunter
500 _aTexto bilinguie español - ingles
505 _av.1. Energia - v.2. Trabajo - v.3. Alimentacion - v.4. Vivienda - v.5. educación y ética - v.6. Agua - v.7. Salud
650 1 4 _a2 : FABULAS BELGAS
_934869
650 1 4 _aCUENTOS INFANTILES BELGAS
_933087
942 _2ddc
_cBK
999 _c32056
_d32056